00694nam a22002057a 450000500170000001000130001702000220003003500130005203700160006504000120008108200120009310000140010524500810011926000420020027000600024230000240030250000510032665000410037765000700041820170124105918.0 aA-936406 c00.00a8186030441 aA-936406 bCen Lib/Ret aDPLbEN a307.772 aDavindera aSocialization and education of nomad children in Delhi state /cby Davindera aNew DelhibRegency Publicationsc1997 a20/36-G, Old Market, West Patel NgarbNew Delhie110008 axii,160p.c22cm(Hb) aIncludes bibliographical references and index aChildren of nomads - India - Delhi.  aChildren with social disabilities -- Education -- India -- Delhi.